The Patriot (Record no. 304062)
[ view plain ]
| 000 -LEADER | |
|---|---|
| fixed length control field | 03857cgm a2200805Ma 4500 |
| 001 - CONTROL NUMBER | |
| control field | ocn976459290 |
| 003 - CONTROL NUMBER IDENTIFIER | |
| control field | OCoLC |
| 005 - DATE AND TIME OF LATEST TRANSACTION | |
| control field | 20200320205406.0 |
| 007 - PHYSICAL DESCRIPTION FIXED FIELD--GENERAL INFORMATION | |
| fixed length control field | vd cvaizn |
| 008 - FIXED-LENGTH DATA ELEMENTS--GENERAL INFORMATION | |
| fixed length control field | 001110s2000 cau165 g vleng d |
| 020 ## - INTERNATIONAL STANDARD BOOK NUMBER | |
| International Standard Book Number | 0767858468 |
| 020 ## - INTERNATIONAL STANDARD BOOK NUMBER | |
| International Standard Book Number | 9780767858465 |
| 020 ## - INTERNATIONAL STANDARD BOOK NUMBER | |
| Terms of availability | 15.95 |
| 024 1# - OTHER STANDARD IDENTIFIER | |
| Standard number or code | 043396057319 |
| 028 42 - PUBLISHER NUMBER | |
| Publisher number | 05731 |
| Source | Columbia TriStar Home Video |
| 035 ## - SYSTEM CONTROL NUMBER | |
| System control number | (OCoLC)976459290 |
| 040 ## - CATALOGING SOURCE | |
| Original cataloging agency | CNUTO |
| Language of cataloging | eng |
| Transcribing agency | CNUTO |
| Modifying agency | CNUTO |
| -- | OCLCO |
| -- | OCLCF |
| -- | WACOL |
| 043 ## - GEOGRAPHIC AREA CODE | |
| Geographic area code | n-us--- |
| 049 ## - LOCAL HOLDINGS (OCLC) | |
| Holding library | WACL |
| 050 14 - LIBRARY OF CONGRESS CALL NUMBER | |
| Classification number | PN1997 |
| Item number | .P38 2000 |
| 082 04 - DEWEY DECIMAL CLASSIFICATION NUMBER | |
| Classification number | [Fic] |
| -- | 813/.6 |
| Edition number | 21 |
| 092 ## - LOCALLY ASSIGNED DEWEY CALL NUMBER (OCLC) | |
| Classification number | DVD |
| Item number | Pat |
| 245 04 - TITLE STATEMENT | |
| Title | The Patriot |
| Medium | [videorecording] / |
| Statement of responsibility, etc | Columbia Pictures presents a Mutual Film Company production ; a Centropolis Entertainment production ; produced by Dean Devlin ; produced by Mark Gordon and Gary Levinson ; written by Robert Rodat ; directed by Roland Emerich. |
| 250 ## - EDITION STATEMENT | |
| Edition statement | Special ed. |
| 260 ## - PUBLICATION, DISTRIBUTION, ETC. (IMPRINT) | |
| Place of publication, distribution, etc | Culver City, Calif. : |
| Name of publisher, distributor, etc | Columbia TriStar Home Video, |
| Date of publication, distribution, etc | c2000. |
| 300 ## - PHYSICAL DESCRIPTION | |
| Extent | 1 videodisc (165 min.) : |
| Other physical details | sd., col. ; |
| Dimensions | 4 3/4 in. |
| 500 ## - GENERAL NOTE | |
| General note | Dolby digital 5.1 surround in English; Dolby digital 2.0 surround in French ; Anamorphic widescreen format. |
| 500 ## - GENERAL NOTE | |
| General note | Originally produced as a motion picture in 2000. |
| 500 ## - GENERAL NOTE | |
| General note | Includes audio commentary, production featurettes, photo galleries. |
| 500 ## - GENERAL NOTE | |
| General note | Container erroneously indicates conceptual art to film comparisons, theatrical trailers, talent files, and production notes in error. |
| 508 ## - CREATION/PRODUCTION CREDITS NOTE | |
| Creation/production credits note | Director of photography, Caleb Deschanel ; edited by David Brenner ; music by John Williams. |
| 511 1# - PARTICIPANT OR PERFORMER NOTE | |
| Participant or performer note | Mel Gibson, Heath Ledger, Joely Richardson, Jason Isaacs, Chris Cooper, Tcheky Karyo, Rene Auberjonois, Lisa Brenner, Tom Wilkinson. |
| 520 ## - SUMMARY, ETC. | |
| Summary, etc | A hero of the French and Indian conflict, Benjamin Martin had renounced fighting forever to raise his family in peace. However, when British troops arrive at his South Carolina home and endanger his family, he takes up arms along side his idealistic patriot son, Gabriel. |
| 521 8# - TARGET AUDIENCE NOTE | |
| Target audience note | MPAA rating: R. |
| 538 ## - SYSTEM DETAILS NOTE | |
| System details note | DVD, region 1. |
| 546 ## - LANGUAGE NOTE | |
| Language note | In English or French ; subtitles in English or French ; Closed-captioned for the hearing impaired. |
| 650 #0 - SUBJECT ADDED ENTRY--TOPICAL TERM | |
| Topical term or geographic name as entry element | Fathers and sons |
| Form subdivision | Drama. |
| 9 (RLIN) | 5704996 |
| 651 #0 - SUBJECT ADDED ENTRY--GEOGRAPHIC NAME | |
| Geographic name | United States |
| General subdivision | History |
| Chronological subdivision | Revolution, 1775-1783 |
| Form subdivision | Drama. |
| 9 (RLIN) | 5953108 |
| 611 27 - SUBJECT ADDED ENTRY--MEETING NAME | |
| Meeting name or jurisdiction name as entry element | American Revolution (1775-1783) |
| Source of heading or term | fast |
| -- | (OCoLC)fst01351668 |
| 9 (RLIN) | 5890995 |
| 650 #7 - SUBJECT ADDED ENTRY--TOPICAL TERM | |
| Topical term or geographic name as entry element | Fathers and sons. |
| Source of heading or term | fast |
| -- | (OCoLC)fst00921899 |
| 9 (RLIN) | 5953109 |
| 651 #7 - SUBJECT ADDED ENTRY--GEOGRAPHIC NAME | |
| Geographic name | United States. |
| Source of heading or term | fast |
| -- | (OCoLC)fst01204155 |
| 9 (RLIN) | 5953110 |
| 648 #7 - SUBJECT ADDED ENTRY--CHRONOLOGICAL TERM | |
| Chronological term | 1775-1783 |
| Source of heading or term | fast |
| 9 (RLIN) | 5888815 |
| 655 #7 - INDEX TERM--GENRE/FORM | |
| Genre/form data or focus term | Feature films. |
| Source of term | lcgft |
| 9 (RLIN) | 5953111 |
| 655 #7 - INDEX TERM--GENRE/FORM | |
| Genre/form data or focus term | Drama. |
| Source of term | fast |
| -- | (OCoLC)fst01423879 |
| 9 (RLIN) | 5673873 |
| 655 #7 - INDEX TERM--GENRE/FORM | |
| Genre/form data or focus term | Feature films. |
| Source of term | fast |
| -- | (OCoLC)fst01710384 |
| 9 (RLIN) | 5953111 |
| 655 #7 - INDEX TERM--GENRE/FORM | |
| Genre/form data or focus term | History. |
| Source of term | fast |
| -- | (OCoLC)fst01411628 |
| 9 (RLIN) | 5675940 |
| 700 1# - ADDED ENTRY--PERSONAL NAME | |
| Personal name | Gibson, Mel. |
| 9 (RLIN) | 24421 |
| 700 1# - ADDED ENTRY--PERSONAL NAME | |
| Personal name | Ledger, Heath, |
| Dates associated with a name | 1979-2008. |
| 9 (RLIN) | 5953112 |
| 700 1# - ADDED ENTRY--PERSONAL NAME | |
| Personal name | Richardson, Joely. |
| 9 (RLIN) | 58960 |
| 700 1# - ADDED ENTRY--PERSONAL NAME | |
| Personal name | Isaacs, Jason, |
| Dates associated with a name | 1963- |
| 9 (RLIN) | 68412 |
| 700 1# - ADDED ENTRY--PERSONAL NAME | |
| Personal name | Cooper, Chris, |
| Dates associated with a name | 1951- |
| 9 (RLIN) | 62667 |
| 700 1# - ADDED ENTRY--PERSONAL NAME | |
| Personal name | Karyo, Tchéky, |
| Dates associated with a name | 1953- |
| 9 (RLIN) | 66133 |
| 700 1# - ADDED ENTRY--PERSONAL NAME | |
| Personal name | Auberjonois, René, |
| Dates associated with a name | 1940- |
| 9 (RLIN) | 36159 |
| 700 1# - ADDED ENTRY--PERSONAL NAME | |
| Personal name | Brenner, Lisa. |
| 9 (RLIN) | 5953113 |
| 700 1# - ADDED ENTRY--PERSONAL NAME | |
| Personal name | Wilkinson, Tom, |
| Dates associated with a name | 1948- |
| 9 (RLIN) | 64634 |
| 700 1# - ADDED ENTRY--PERSONAL NAME | |
| Personal name | Devlin, Dean. |
| 9 (RLIN) | 43036 |
| 700 1# - ADDED ENTRY--PERSONAL NAME | |
| Personal name | Gordon, Mark, |
| Dates associated with a name | 1956- |
| 9 (RLIN) | 67359 |
| 700 1# - ADDED ENTRY--PERSONAL NAME | |
| Personal name | Levinson, Gary. |
| 9 (RLIN) | 5953114 |
| 700 1# - ADDED ENTRY--PERSONAL NAME | |
| Personal name | Rodat, Robert. |
| 9 (RLIN) | 21790 |
| 700 1# - ADDED ENTRY--PERSONAL NAME | |
| Personal name | Emmerich, Roland. |
| 9 (RLIN) | 43037 |
| 700 1# - ADDED ENTRY--PERSONAL NAME | |
| Personal name | Williams, John, |
| Dates associated with a name | 1932- |
| 9 (RLIN) | 13533 |
| 710 2# - ADDED ENTRY--CORPORATE NAME | |
| Corporate name or jurisdiction name as entry element | Columbia Pictures. |
| 9 (RLIN) | 23896 |
| 710 2# - ADDED ENTRY--CORPORATE NAME | |
| Corporate name or jurisdiction name as entry element | Mutual Film Company. |
| 9 (RLIN) | 64853 |
| 710 2# - ADDED ENTRY--CORPORATE NAME | |
| Corporate name or jurisdiction name as entry element | Centropolis Entertainment (Firm) |
| 9 (RLIN) | 58856 |
| 710 2# - ADDED ENTRY--CORPORATE NAME | |
| Corporate name or jurisdiction name as entry element | Columbia TriStar Home Video (Firm) |
| 9 (RLIN) | 60971 |
| 942 ## - ADDED ENTRY ELEMENTS (KOHA) | |
| Koha item type | DVD |
| 948 ## - LOCAL PROCESSING INFORMATION (OCLC); SERIES PART DESIGNATOR (RLIN) | |
| Series part designator, SPT (RLIN) | 10/11/2017 |
| z (OCLC) | Sirsi |
| 994 ## - | |
| -- | C0 |
| -- | WACOL |
| 996 ## - | |
| -- | 144917 |
| -- | 34301001511718 |
| -- | DVD |
| -- | DVD |
| -- | wcl |
| -- | i |
| -- | 19 |
| -- | 15.95 |
| -- | amazon |
| -- | Pat |
| -- | 10/11/2017 |
| -- | 03/13/2020 |
| -- | 03/10/2020 |
| Withdrawn status | Lost status | Source of classification or shelving scheme | Damaged status | Not for loan | Collection code | Home library | Current library | Shelving location | Date acquired | Source of acquisition | Cost, normal purchase price | Total Checkouts | Total Renewals | Full call number | Barcode | Date last seen | Date checked out | Cost, replacement price | Price effective from | Koha item type |
|---|---|---|---|---|---|---|---|---|---|---|---|---|---|---|---|---|---|---|---|---|
| Dewey Decimal Classification | Movies | Wasatch County Library | Wasatch County Library | Audio Visual Area | 10/11/2017 | Amazon | 15.95 | 32 | 14 | DVD Pat | 34301001511718 | 12/31/2024 | 12/23/2024 | 15.95 | 03/20/2020 | DVD |
